Name the Continents! - Statistics

General Stats
  • This quiz has been taken 41 times
  • The average score is 7 of 7
Answer Stats
Continent % Correct
Europe
100%
North America
100%
South America
100%
Africa
97%
Asia
97%
Antarctica
88%
Oceania
88%
No matching quizzes found
Score Distribution
Percent of People with Each Score
Percentile by Number Answered
Your Score History
You have not taken this quiz